ਗਿੱਲਾ ਹਨੇਰਾ / (Record no. 109760)

MARC details
000 -LEADER
fixed length control field 01049nam a22002657a 4500
005 - DATE AND TIME OF LATEST TRANSACTION
control field 20170123164142.0
010 ## - LIBRARY OF CONGRESS CONTROL NUMBER
LC control number B-124098
020 ## - INTERNATIONAL STANDARD BOOK NUMBER
Terms of availability 120.00
International Standard Book Number 81887378573
035 ## - SYSTEM CONTROL NUMBER
System control number B-124098
037 ## - SOURCE OF ACQUISITION
Source of stock number/acquisition Cen Lib/Ret
040 ## - CATALOGING SOURCE
Original cataloging agency DPL
Language of cataloging PN
082 ## - DEWEY DECIMAL CLASSIFICATION NUMBER
Classification number
Item number ਸ਼ਰਦ
100 ## - MAIN ENTRY--PERSONAL NAME
Personal name ਸ਼ਰਦ ਸਿੰਘ
9 (RLIN) 2233
245 ## - TITLE STATEMENT
Title ਗਿੱਲਾ ਹਨੇਰਾ /
Statement of responsibility, etc ਸ਼ਰਦ ਸਿੰਘ ; ਅਨੁਵਾਦ ਧਰਮਪਾਲ ਸਾਹਿਲ
246 ## - VARYING FORM OF TITLE
Title proper/short title Gilla hanera/
Remainder of title by Sharad Singh ; auuvad Dharmpal Sahil
260 ## - PUBLICATION, DISTRIBUTION, ETC. (IMPRINT)
Place of publication, distribution, etc ਪੰਜਾਬ
Name of publisher, distributor, etc ਪੰਜਾਬ ਉਡਾਨ ਪਬਲੀਕੇਸ਼ਨਜ਼
Date of publication, distribution, etc 2005
270 ## - ADDRESS
Address ਵਾਟਰ ਵਰਕਸ ਰੋਡ
City ਪੰਜਾਬ
Postal code 151505
300 ## - PHYSICAL DESCRIPTION
Extent 108p ;
Dimensions 20cm
650 ## - SUBJECT ADDED ENTRY--TOPICAL TERM
Topical term or geographic name as entry element ਪੰਜਾਬੀ ਕਹਾਣੀਆ
9 (RLIN) 118510
650 ## - SUBJECT ADDED ENTRY--TOPICAL TERM
Topical term or geographic name as entry element ਪੰਜਾਬੀ ਸਾਹਿਤਯ
9 (RLIN) 118511
650 ## - SUBJECT ADDED ENTRY--TOPICAL TERM
Topical term or geographic name as entry element Punjabi - literature
9 (RLIN) 781
650 ## - SUBJECT ADDED ENTRY--TOPICAL TERM
Topical term or geographic name as entry element Punjabi - Punjabi - story
9 (RLIN) 118512
700 ## - ADDED ENTRY--PERSONAL NAME
Personal name ਧਰਮਪਾਲ ਸਾਹਿਲ
9 (RLIN) 118513
942 ## - ADDED ENTRY ELEMENTS (KOHA)
Source of classification or shelving scheme Dewey Decimal Classification
Koha item type Punjabi Bks
Classification part
Call number suffix ਸ਼ਰਦ
Holdings
Withdrawn status Lost status Damaged status Not for loan Home library Current library Date acquired Source of acquisition Cost, normal purchase price Total Checkouts Full call number Barcode Date last seen Date checked out Copy number Cost, replacement price Price effective from Koha item type
        Central Library Central Library 05/01/2016 Cen Lib/Ret 120.00 1 ਕ ਸ਼ਰਦ B-124098 13/01/2023 03/01/2023 1 120.00 05/01/2016 Punjabi Bks

© Delhi Public Library
Hit Counter
free hit counter